Irrigation and society in medieval Valencia (Record no. 535279)

MARC details
000 -LEADER
fixed length control field 00720nam a2200241Ia 4500
003 - CONTROL NUMBER IDENTIFIER
control field OSt
005 - DATE AND TIME OF LATEST TRANSACTION
control field 20220925200041.0
008 - FIXED-LENGTH DATA ELEMENTS--GENERAL INFORMATION
fixed length control field 220923b |||||||| |||| 00| 0 eng d
020 ## - INTERNATIONAL STANDARD BOOK NUMBER
International Standard Book Number 674466756
037 ## - SOURCE OF ACQUISITION
Terms of availability General Book
040 ## - CATALOGING SOURCE
Original cataloging agency RTL
Transcribing agency RTL
Language of cataloging eng
041 ## - LANGUAGE CODE
Source of code eng
Language code of text/sound track or separate title eng
100 ## - MAIN ENTRY--PERSONAL NAME
Personal name Glick Thomas F
9 (RLIN) 152295
245 #0 - TITLE STATEMENT
Title Irrigation and society in medieval Valencia
260 ## - PUBLICATION, DISTRIBUTION, ETC.
Place of publication, distribution, etc. Combridge
Name of publisher, distributor, etc. Harvard University Press
Date of publication, distribution, etc. 1970
300 ## - PHYSICAL DESCRIPTION
Extent xviii, 386p. Bib p. 267-79,Appendi xp. 245-65
Dimensions cm.
650 ## - SUBJECT ADDED ENTRY--TOPICAL TERM
Topical term or geographic name entry element Engneering
9 (RLIN) 232523
942 ## - ADDED ENTRY ELEMENTS (KOHA)
Classification part X9(D2).541.G, L0
Koha item type General Books
Source of classification or shelving scheme Colon Classification (CC)

No items available.

Copyright @ Delhi University Library System